Rain-guards, the rapid way to increase rubber production (Record no. 66295)

MARC details
000 -LEADER
fixed length control field 00430nam a2200145Ia 4500
100 ## - MAIN ENTRY--AUTHOR NAME
Personal name Tillekeratne L MK
245 #0 - TITLE STATEMENT
Title Rain-guards, the rapid way to increase rubber production
260 ## - PUBLICATION, DISTRIBUTION, ETC. (IMPRINT)
Name of publisher Bulletin of the Rubber Research Institute of Sri Lanka
Year of publication 2000
300 ## - PHYSICAL DESCRIPTION
Number of Pages 41-43
650 ## - SUBJECT ADDED ENTRY--TOPICAL TERM
Topical Term Rain-guards
650 ## - SUBJECT ADDED ENTRY--TOPICAL TERM
Topical Term Rubber production
700 ## - ADDED ENTRY--PERSONAL NAME
Personal name Karunanayake Lalin
942 ## - ADDED ENTRY ELEMENTS (KOHA)
Koha item type Journals
Holdings
Withdrawn status Lost status Damaged status Not for loan Home library Current library Shelving location Date acquired Serial Enumeration / chronology Koha item type
      Journals RRII Library RRII Library Agricultural economics 23/11/2001 Volume 41, Issue Journals